000 11219cam a2202161 a 4500
999 _c54988
001 10909577
003 LIBRIS
005 20201209110204.0
008 080620s2008 sw |||||||||||000 0|swe|c
020 _a9789144047744
035 _a(Bo)420980
040 _aLGEN
_dHib
_dS
_ea
041 _aswe
082 4 _a616.025
_222
084 _aVpj
_2kssb/8
084 _aVpj
_2kssb/8
100 1 _aGöransson, Katarina,
_d1974-
245 1 0 _aTriage på akutmottagning /
_cKatarina Göransson, Ann Catrine Eldh, Anna Jansson.
250 _a1. uppl.
264 1 _aStockholm :
_bStudentlitteratur,
_c2008
264 3 _aPolen
300 _a118 s.
_c23 cm
340 _b23 cm
500 _a2. tr., 2009
500 _5Li
_aPliktex.
500 _5S
_aTryckningar finns
505 8 _aVård på akutmottagning -- Triage -- Triageorganisation -- Triageskalor -- Triagebedömning -- Monitorering -- Reevaluering -- Ansvarsfördelning vid triage -- Dokumentation -- Särskild omvårdnad i samband med triage -- Effekter av akutmottagningstriage -- Att utveckla sitt triagearbete -- Reflektioner -- Patientfall
650 7 _aTriage
_0https://id.kb.se/term/sao/Triage
_2sao
650 1 2 _aTriage
650 1 2 _aNursing Care
650 2 2 _aEmergency Service, Hospital
650 2 2 _aEmergency Medical Services
650 4 _aAkutvård
650 4 _aTriage
650 2 _atriage
650 2 _aemergency service, hospital
650 2 _anursing assessment
653 _aTriage
653 _aAkutvård
653 _aAkutvård
700 1 _aEldh, Ann Catrine,
_d1965-
_0https://libris.kb.se/tr58ctbc215mv27#it
700 1 _aJansson, Anna M.,
_d1971-
_0https://libris.kb.se/xv8cj03g1q69h2v#it
852 _dVpj
887 _a{"@id":"7rkkpl9k0k23jh4","modified":"2016-05-25T17:00:34+02:00","checksum":"61484834986"}
_2librisxl
887 _a{"@id":"48g3k00901v02x7","modified":"2014-04-01T13:49:17+02:00","checksum":"15362117970"}
_2librisxl
887 _a{"@id":"48gg2tb91swkj1h","modified":"2011-12-01T14:11:03+01:00","checksum":"5644390281"}
_2librisxl
887 _a{"@id":"48gg3g0951236x5","modified":"2016-05-18T16:15:08+02:00","checksum":"23518349386"}
_2librisxl
887 _a{"@id":"04b9nb052vv4v2t","modified":"2009-03-16T13:38:11+01:00","checksum":"20861012047"}
_2librisxl
887 _a{"@id":"chpnxgbj5hqf378","modified":"2016-06-20T09:59:57+02:00","checksum":"7511761431"}
_2librisxl
887 _a{"@id":"7ckj24pd4s2vljg","modified":"2011-06-22T12:41:48+02:00","checksum":"13440196464"}
_2librisxl
887 _a{"@id":"qv2rx0tw4fb4r2k","modified":"2014-07-15T08:47:20+02:00","checksum":"28890593860"}
_2librisxl
887 _a{"@id":"sx43pb6z54fdss5","modified":"2008-10-01T09:29:27+02:00","checksum":"23120542808"}
_2librisxl
887 _a{"@id":"x287dgw3535x7gk","modified":"2013-08-09T09:38:35+02:00","checksum":"11177068928"}
_2librisxl
887 _a{"@id":"djqpztwk5rvtz6j","modified":"2008-10-24T14:08:42+02:00","checksum":"29938645163"}
_2librisxl
887 _a{"@id":"bgnmwtvh4jrxp68","modified":"2009-07-13T15:33:08+02:00","checksum":"9539460331"}
_2librisxl
887 _a{"@id":"chpnm90j1bh4919","modified":"2011-06-22T14:51:46+02:00","checksum":"24453709910"}
_2librisxl
887 _a{"@id":"x287mz43162zlhf","modified":"2010-06-04T15:32:52+02:00","checksum":"1678184938"}
_2librisxl
887 _a{"@id":"tz5q37302lc2gm1","modified":"2013-11-20T13:43:10+01:00","checksum":"68663060700"}
_2librisxl
887 _a{"@id":"59hgz0jb59wqn56","modified":"2008-09-23T12:20:11+02:00","checksum":"15844027279"}
_2librisxl
887 _a{"@id":"kvbw6plphbxjzqq4","modified":"2019-10-17T11:16:14.928+02:00","checksum":"18622868606"}
_2librisxl
887 _a{"@id":"48gflzs94nrf95l","modified":"2008-08-25T09:41:36+02:00","checksum":"6797169899"}
_2librisxl
887 _a{"@id":"v065p1m10k6cwnm","modified":"2008-09-25T10:06:12+02:00","checksum":"22647447645"}
_2librisxl
887 _a{"@id":"w4qzw188thkfb508","modified":"2018-06-20T16:08:10.845+02:00","checksum":"57469595732"}
_2librisxl
887 _a{"@id":"chpnnjcj110l040","modified":"2008-08-18T12:24:22+02:00","checksum":"28211097515"}
_2librisxl
887 _a{"@id":"x287h26316jdfsp","modified":"2013-08-28T18:21:44+02:00","checksum":"4421116887"}
_2librisxl
887 _a{"@id":"15cd9b8626b3l29","modified":"2013-11-04T11:41:00+01:00","checksum":"7992510975"}
_2librisxl
887 _a{"@id":"chpn82sj1zx22t9","modified":"2012-05-28T10:01:05+02:00","checksum":"2479900214"}
_2librisxl
887 _a{"@id":"ns00xpbt1c5tt5r","modified":"2010-06-30T15:31:54+02:00","checksum":"4313626824"}
_2librisxl
887 _a{"@id":"fkrq161l10gvrxx","modified":"2016-07-11T13:34:03+02:00","checksum":"21757543726"}
_2librisxl
887 _a{"@id":"bgnm8wnh4w48vmh","modified":"2017-10-24T15:31:13+02:00","checksum":"17762356818"}
_2librisxl
887 _a{"@id":"mrzx6qns2sl5k5l","modified":"2017-10-25T09:17:24+02:00","checksum":"22168103869"}
_2librisxl
887 _a{"@id":"hmtsl4rn0gv0s65","modified":"2008-11-07T15:45:03+01:00","checksum":"8297112906"}
_2librisxl
887 _a{"@id":"bgnmwvqh09rcdrr","modified":"2008-09-05T15:42:43+02:00","checksum":"2543576179"}
_2librisxl
887 _a{"@id":"sx43c6zz368wzmf","modified":"2011-02-10T08:22:36+01:00","checksum":"27378869201"}
_2librisxl
887 _a{"@id":"x287hwz317lh0db","modified":"2016-10-17T13:52:40+02:00","checksum":"21956394382"}
_2librisxl
887 _a{"@id":"qv2vqmcw2p0z2ff","modified":"2015-04-15T12:04:41+02:00","checksum":"21659584908"}
_2librisxl
887 _a{"@id":"bgnmvgxh3kflqt0","modified":"2019-05-27T10:25:04.851+02:00","checksum":"9312559960"}
_2librisxl
887 _a{"@id":"9fmlfktg5j6rfxh","modified":"2019-12-02T13:02:55.815+01:00","checksum":"5875348419"}
_2librisxl
887 _a{"@id":"v06rh3310zf3tt6","modified":"2020-01-28T12:32:02.638+01:00","checksum":"54894174409"}
_2librisxl
887 _a{"@id":"kwq3cnrwhcd7p2zm","modified":"2020-01-28T09:53:22.601+01:00","checksum":"22622391104"}
_2librisxl
887 _a{"@id":"hmtsllkn18bjt62","modified":"2009-12-07T10:57:46+01:00","checksum":"16039059864"}
_2librisxl
887 _a{"@id":"15cbhmb61bkh9j1","modified":"2009-11-25T14:18:06+01:00","checksum":"24166294327"}
_2librisxl
887 _a{"@id":"qv21v72w5jgtfmn","modified":"2014-09-17T16:11:34+02:00","checksum":"20334050823"}
_2librisxl
887 _a{"@id":"37fdnw48137qlbq","modified":"2010-10-12T10:42:22+02:00","checksum":"11781056126"}
_2librisxl
887 _a{"@id":"3d16whf916zqw6q3","modified":"2019-03-18T13:42:29.051+01:00","checksum":"26161302264"}
_2librisxl
887 _a{"@id":"w17b36720npxs4q","modified":"2013-07-31T10:47:40+02:00","checksum":"24915470809"}
_2librisxl
887 _a{"@id":"8dmgrr6f4t3cmhl","modified":"2015-09-08T09:21:49+02:00","checksum":"19251463930"}
_2librisxl
900 1 s _6700
_d1971-
_uJansson, Anna M.,
_d1971-
942 _2z
_cBOOK